Wappen der Staaten der Europäischen Union (EU) - Statistiken

Allgemein
  • Dieses Quiz wurde 78 mal gespielt
  • Das Durchschnittsergebnis liegt bei 18 aus 27
Antwortstatistiken
Bildquiz Antwort % Korrekt
Deutschland
100%
Kroatien
100%
Österreich
98%
Italien
97%
Portugal
97%
Malta
94%
Slowakei
92%
Slowenien
89%
Griechenland
84%
Polen
84%
Irland
79%
Spanien
78%
Ungarn
78%
Belgien
68%
Tschechien
52%
Schweden
49%
Frankreich
46%
Rumänien
46%
Bulgarien
44%
Luxemburg
44%
Litauen
40%
Zypern
40%
Niederlande
37%
Dänemark
33%
Estland
33%
Lettland
33%
Finnland
30%
Keine übereinstimmenden Quizze gefunden
Verteilung der Resultate
Anzahl Personen mit jedem Resultat
Perzentil nach korrekt beantworteten Fragen
Ihre Resultats-Entwicklung
Sie haben dieses Quiz noch nicht gespielt